[Event "Vaujany op-A 8th"]
[Site "Vaujany"]
[Date "2017.07.14"]
[Round "2.17"]
[White "Virag, Balint"]
[Black "Pelagatti, Alessandro"]
[Result "0-1"]
[WhiteElo "1922"]
[BlackElo "2115"]
[PlyCount "64"]
[EventDate "2017.07.13"]
[EventType "swiss"]
[EventRounds "9"]
[EventCountry "FRA"]
[SourceTitle "EXT 2020"]
[Source "ChessBase"]
[SourceDate "2019.10.17"]
[SourceVersion "1"]
[SourceVersionDate "2019.10.17"]
[SourceQuality "1"]

1. e4 e5 2. Nc3 Nf6 3. f4 d5 4. fxe5 Nxe4 5. Nf3 Be7 6. d4 Nxc3 7. bxc3 c5 8. Bd2 Nc6 9. Bd3 0-0 10. 0-0 c4 11. Be2 Be6 12. Qe1 Kh8 13. Qg3 h6 14. h3 b5 15. Nh2 Bh4 16. Qf3 Bg5 17. Bxg5 Qxg5 18. Ng4 b4 19. cxb4 Nxd4 20. Qf2 Nxc2 21. Rab1 Bxg4 22. Bxg4 Ne3 23. Rfe1 Nxg4 24. hxg4 Qxg4 25. Rbd1 Qe6 26. Rd4 Rfd8 27. Kh1 a5 28. Re3 axb4 29. Rg3 Ra3 30. Rdg4 Rxg3 31. Qxg3 Re8 32. Rxg7 Qxe5 0-1

[Event "Trieste op 18th"]
[Site "Trieste"]
[Date "2016.09.06"]
[Round "5"]
[White "Pelagatti, Alessandro"]
[Black "Simoni, Giulio"]
[Result "1/2-1/2"]
[WhiteElo "2128"]
[BlackElo "2030"]
[PlyCount "35"]
[EventDate "2016.09.03"]
[EventType "swiss"]
[EventRounds "9"]
[EventCountry "ITA"]
[SourceTitle "CBM 174 Extra"]
[Source "ChessBase"]
[SourceDate "2016.10.10"]
[SourceVersion "1"]
[SourceVersionDate "2016.10.10"]
[SourceQuality "1"]

1. d4 Nf6 2. c4 e6 3. Nf3 b6 4. e3 Bb7 5. Bd3 Bb4+ 6. Nbd2 0-0 7. 0-0 d5 8. a3 Bd6 9. Qc2 Nbd7 10. e4 dxe4 11. Nxe4 Nxe4 12. Bxe4 Bxe4 13. Qxe4 c5 14. Rd1 Qc7 15. Be3 Rfe8 16. dxc5 Bxc5 17. b4 Bxe3 18. Qxe3 1/2-1/2

[Event "Parma Province-ch"]
[Site "Salsomaggiore Terme"]
[Date "2015.03.21"]
[Round "3"]
[White "Paoli, Walter"]
[Black "Pelagatti, Alessandro"]
[Result "1/2-1/2"]
[WhiteElo "2039"]
[BlackElo "2181"]
[PlyCount "81"]
[EventDate "2015.03.20"]
[EventType "swiss"]
[EventRounds "5"]
[EventCountry "ITA"]
[SourceTitle "EXT 2017"]
[Source "ChessBase"]
[SourceDate "2016.10.25"]
[SourceVersion "1"]
[SourceVersionDate "2016.10.25"]
[SourceQuality "1"]

1. Nf3 g6 2. g3 Bg7 3. d4 Nf6 4. Bg2 0-0 5. 0-0 d6 6. Nbd2 c5 7. dxc5 dxc5 8. Nc4 Nfd7 9. c3 Nc6 10. e4 b6 11. Re1 Ba6 12. Ne3 e6 13. Qa4 Qc8 14. Bf1 Bxf1 15. Nxf1 Nde5 16. Nxe5 Nxe5 17. Qd1 Qa6 18. Qe2 Qxe2 19. Rxe2 Rfd8 20. Be3 Rd7 21. Kg2 Rad8 22. Rd2 Nc4 23. Rxd7 Rxd7 24. Rb1 f5 25. exf5 gxf5 26. Kf3 e5 27. Ke2 Kf7 28. Nd2 Nxd2 29. Bxd2 Ke6 30. Be3 c4 31. Rd1 Rxd1 32. Kxd1 Bf8 33. Ke2 Bd6 34. f3 h5 35. h3 f4 36. gxf4 exf4 37. Bf2 Bc7 38. Kd2 a6 39. a4 b5 40. axb5 axb5 41. Kc2 1/2-1/2

[Event "Morrovalle op 3rd"]
[Site "Trodica di Morrovalle"]
[Date "2013.08.18"]
[Round "5"]
[White "Pelagatti, Alessandro"]
[Black "Medorini, Massimiliano"]
[Result "1/2-1/2"]
[WhiteElo "2192"]
[BlackElo "1889"]
[PlyCount "93"]
[EventDate "2013.08.16"]
[EventType "swiss"]
[EventRounds "5"]
[EventCountry "ITA"]
[SourceTitle "EXT 2015"]
[Source "ChessBase"]
[SourceDate "2014.11.20"]
[SourceVersion "1"]
[SourceVersionDate "2014.11.20"]
[SourceQuality "1"]

1. d4 d5 2. c4 c6 3. Nf3 Nf6 4. Qc2 e6 5. Bg5 Be7 6. Nbd2 0-0 7. e3 a6 8. Be2 Nbd7 9. 0-0 h6 10. Bh4 c5 11. dxc5 Nxc5 12. b4 Nce4 13. a3 Nxd2 14. Nxd2 Bd7 15. Rfc1 Rc8 16. Qd1 Bc6 17. b5 axb5 18. cxb5 Bd7 19. a4 e5 20. Bg3 Bd6 21. Nc4 Bxb5 22. axb5 dxc4 23. Bxc4 Qe7 24. Qb3 Ne4 25. Bd5 Nxg3 26. hxg3 b6 27. Rc6 Bc5 28. Ra4 Rcd8 29. Ra2 Rd7 30. Rc2 Rc7 31. Rxc7 Qxc7 32. Ra2 Rd8 33. Ra4 Qd7 34. e4 Kh8 35. Qf3 Kg8 36. Ra1 Qe7 37. Qh5 Bd4 38. Rc1 Bc5 39. Rc3 Rd6 40. Rf3 Rf6 41. Qg4 Rxf3 42. gxf3 Bd4 43. Qc8+ Kh7 44. Kg2 Qf6 45. Qe8 Kg6 46. Qd7 Bc5 47. Qg4+ 1/2-1/2

[Event "Latschach op 24th"]
[Site "Latschach"]
[Date "2008.08.14"]
[Round "7"]
[White "Pelagatti, Alessandro"]
[Black "Testor, Sebastian"]
[Result "1-0"]
[WhiteElo "2138"]
[BlackElo "2254"]
[PlyCount "89"]
[EventDate "2008.08.09"]
[EventType "swiss"]
[EventRounds "9"]
[EventCountry "AUT"]
[SourceTitle "CBM 125 Extra"]
[Source "ChessBase"]
[SourceDate "2008.09.01"]
[SourceVersion "1"]
[SourceVersionDate "2008.09.01"]
[SourceQuality "1"]

1. d4 e6 2. c4 Bb4+ 3. Bd2 a5 4. Nf3 Nc6 5. a3 Bxd2+ 6. Nbxd2 d6 7. g3 e5 8. d5 Nb8 9. b4 Ne7 10. Bg2 0-0 11. 0-0 Bg4 12. c5 axb4 13. cxd6 cxd6 14. axb4 Rxa1 15. Qxa1 Nxd5 16. b5 Nd7 17. Ne4 N7f6 18. Nxf6+ Nxf6 19. Qa7 Qe7 20. Rc1 Qd7 21. b6 Rc8 22. Rxc8+ Qxc8 23. h3 Bxf3 24. Bxf3 e4 25. Bg4 Nxg4 26. hxg4 h6 27. Qa4 d5 28. Qd4 Qc6 29. Kf1 f6 30. Qb4 Kf7 31. Kg1 Ke6 32. e3 Kf7 33. Kg2 Kg6 34. Kh2 Kg5 35. Qe7 Kxg4 36. Qc7 Qe6 37. Qxb7 Kf3 38. Qc7 Ke2 39. b7 Qf5 40. Qf4 Qh5+ 41. Kg2 g5 42. Qxf6 g4 43. Qb2+ Ke1 44. Qc1+ Ke2 45. Qf1+ 1-0

[Event "ITA-ch sf g/5' 1st"]
[Site "Playchess.com INT"]
[Date "2006.02.25"]
[Round "5"]
[White "Bianco, Raffaele"]
[Black "Pelagatti, Alessandro"]
[Result "1-0"]
[WhiteElo "2069"]
[BlackElo "2082"]
[PlyCount "47"]
[EventDate "2006.02.25"]
[EventType "swiss (blitz)"]
[EventRounds "11"]
[EventCountry "ITA"]
[SourceTitle "CBM 111 Extra"]
[Source "ChessBase"]
[SourceDate "2006.05.09"]
[SourceVersion "1"]
[SourceVersionDate "2006.05.09"]
[SourceQuality "1"]

1. e4 Nc6 2. Nf3 e5 3. Bb5 Bc5 4. c3 Nf6 5. 0-0 0-0 6. d4 Bb6 7. Bg5 h6 8. Bxf6 Qxf6 9. Bxc6 Qxc6 10. Nxe5 Qxe4 11. Nd2 Qd5 12. Ndc4 d6 13. Nxb6 axb6 14. Nd3 Rxa2 15. Nb4 Rxa1 16. Nxd5 Rxd1 17. Rxd1 c6 18. Nxb6 Bf5 19. Nc4 Re8 20. Nxd6 Bc2 21. Nxe8 Bxd1 22. Nd6 b6 23. Nc8 b5 24. Na7 1-0

[Event "ITA-ch sf g/5' 1st"]
[Site "Playchess.com INT"]
[Date "2006.02.25"]
[Round "4"]
[White "Pelagatti, Alessandro"]
[Black "Gilardone, Adriano"]
[Result "0-1"]
[WhiteElo "2082"]
[BlackElo "2133"]
[PlyCount "106"]
[EventDate "2006.02.25"]
[EventType "swiss (blitz)"]
[EventRounds "11"]
[EventCountry "ITA"]
[SourceTitle "CBM 111 Extra"]
[Source "ChessBase"]
[SourceDate "2006.05.09"]
[SourceVersion "1"]
[SourceVersionDate "2006.05.09"]
[SourceQuality "1"]

1. d4 d5 2. Nf3 e6 3. c4 f5 4. Nc3 Nf6 5. Bf4 c6 6. e3 Bd6 7. c5 Bc7 8. Bd3 0-0 9. b4 Nbd7 10. 0-0 Ne4 11. Qc2 Ndf6 12. b5 Ng4 13. bxc6 bxc6 14. Rab1 Bd7 15. Rb7 Bxf4 16. exf4 Rb8 17. Rxa7 Rb4 18. h3 Ngf6 19. a3 Rb8 20. Ne5 Ra8 21. Rxa8 Qxa8 22. Nxe4 fxe4 23. Be2 Be8 24. a4 Nd7 25. g3 Nxe5 26. fxe5 Qa5 27. Bg4 Bf7 28. Rb1 h5 29. Be2 Bg6 30. Rf1 Qb4 31. Qd1 h4 32. gxh4 Qc3 33. Bg4 e3 34. Bxe6+ Kh7 35. Bg4 Bd3 36. Be2 exf2+ 37. Rxf2 Bxe2 38. Qxe2 Qxd4 39. e6 Qxc5 40. e7 Rxf2 41. Qh5+ Kg8 42. e8Q+ Rf8+ 43. Kh1 Rxe8 44. Qxe8+ Qf8 45. Qe6+ Qf7 46. Qxc6 Qf3+ 47. Kh2 Qf4+ 48. Kh1 Qe4+ 49. Kh2 Qe5+ 50. Kh1 Kh7 51. Kg2 Qe4+ 52. Kg3 Qe3+ 53. Kg4 d4 0-1

[Event "Siena op"]
[Site "Siena"]
[Date "1998.??.??"]
[Round "1"]
[White "Pelagatti, Alessandro"]
[Black "Bertagnolli, Alexander"]
[Result "0-1"]
[WhiteElo "1790"]
[BlackElo "1795"]
[PlyCount "58"]
[EventDate "1998.??.??"]
[EventType "swiss"]
[EventRounds "7"]
[EventCountry "ITA"]
[SourceTitle "EXT 2001"]
[Source "ChessBase"]
[SourceDate "2000.11.22"]
[SourceVersion "1"]
[SourceVersionDate "2000.11.22"]
[SourceQuality "1"]

1. d4 g6 2. Nf3 Bg7 3. Bf4 f5 4. e3 b6 5. a4 a5 6. c3 Nf6 7. Na3 h6 8. Qb3 e6 9. Be2 Nc6 10. h3 g5 11. Bh2 0-0 12. Ne5 Nxe5 13. dxe5 Ne4 14. Rd1 Bb7 15. 0-0 f4 16. exf4 gxf4 17. Bg4 Qg5 18. Qc2 f3 19. Rfe1 Nc5 20. Bg3 h5 21. b4 axb4 22. cxb4 Rxa4 23. bxc5 Rxa3 24. Rxd7 hxg4 25. Rxc7 Bd5 26. cxb6 fxg2 27. Qc5 Rxg3 28. fxg3 gxh3 29. Kh2 Rf1 0-1